000 00830nam a2200241Ia 4500
003 GCL
008 140319s9999 xx 000 0 ara d
020 _a596201977
040 _aGCL /
_cGCL
082 0 4 _aق
_b394.395308
_bل و
100 1 _aلطفى احمد نصار
245 1 0 _aوسائل الترفيه فى عصر سلاطين المماليك فى مصر /
_cلطفى احمد نصار
260 _aالقاهرة :
_bالهيئة المصرية العامة للكتاب ،
_c1999
300 _a398 ص ؛
_c22 سم
490 _aتاريخ المصريين
_v141
650 0 4 _aالالعاب الرياضية
650 0 4 _aالغناء
650 0 4 _aالترفيه
650 0 4 _aالتسالى
650 0 4 _aوقت الفراغ
650 0 4 _aمصر - الاحوال الاجتماعية
942 _2ddc
_cBK
999 _c58305
_d58305